[Event "Team Championship Russia (Blitz, Men)"]
[Site "Sochi"]
[Date "2018.10.10"]
[Round "12.16"]
[White "Romanov, Evgeny"]
[Black "Oganian, Miran"]
[Result "0-1"]
[BlackElo "2466"]
[WhiteElo "2523"]
[LiveChessVersion "1.4.8"]

1. b3 {[%clk 0:03:04]} e5 {[%clk 0:02:59]} 2. Bb2 {[%clk 0:03:05]} Nc6
{[%clk 0:03:00]} 3. c4 {[%clk 0:03:06]} Nf6 {[%clk 0:02:58]} 4. d3
{[%clk 0:03:07]} d5 {[%clk 0:02:54]} 5. cxd5 {[%clk 0:03:08]} Nxd5
{[%clk 0:02:54]} 6. Nf3 {[%clk 0:03:09]} f6 {[%clk 0:02:53]} 7. g3
{[%clk 0:03:09]} Be7 {[%clk 0:02:51]} 8. Bg2 {[%clk 0:03:10]} O-O
{[%clk 0:02:51]} 9. O-O {[%clk 0:03:11]} Be6 {[%clk 0:02:52]} 10. Nbd2
{[%clk 0:03:11]} Qd7 {[%clk 0:02:52]} 11. Rc1 {[%clk 0:03:09]} Bh3
{[%clk 0:02:49]} 12. Ne4 {[%clk 0:03:07]} Bxg2 {[%clk 0:02:49]} 13. Kxg2
{[%clk 0:03:08]} Rfd8 {[%clk 0:02:44]} 14. Qc2 {[%clk 0:02:53]} Rac8
{[%clk 0:02:40]} 15. Nc5 {[%clk 0:02:50]} Bxc5 {[%clk 0:02:40]} 16. Qxc5
{[%clk 0:02:51]} Qf7 {[%clk 0:02:34]} 17. Rfd1 {[%clk 0:02:46]} Nde7
{[%clk 0:02:05]} 18. e4 {[%clk 0:02:36]} b6 {[%clk 0:01:57]} 19. Qb5
{[%clk 0:02:33]} Nb8 {[%clk 0:01:51]} 20. d4 {[%clk 0:02:31]} exd4
{[%clk 0:01:49]} 21. Nxd4 {[%clk 0:02:31]} c5 {[%clk 0:01:49]} 22. Ne2
{[%clk 0:02:22]} Nbc6 {[%clk 0:01:36]} 23. f3 {[%clk 0:02:17]} Nb4
{[%clk 0:01:12]} 24. a3 {[%clk 0:02:02]} Rxd1 {[%clk 0:01:00]} 25. Rxd1
{[%clk 0:02:03]} Qxb3 {[%clk 0:00:59]} 26. Rd2 {[%clk 0:01:48]} Qe3
{[%clk 0:00:38]} 27. Bc1 {[%clk 0:01:49]} Qb3 {[%clk 0:00:08]} 28. axb4
{[%clk 0:01:45]} cxb4 {[%clk 0:00:08]} 29. Qd7 {[%clk 0:01:41]} Kf8
{[%clk 0:00:09]} 30. Qxa7 {[%clk 0:01:37]} Ng6 {[%clk 0:00:04]} 31. Qxb6
{[%clk 0:01:35]} Ne5 {[%clk 0:00:03]} 32. Nd4 {[%clk 0:01:12]} Qf7
{[%clk 0:00:04]} 33. Qxb4+ {[%clk 0:01:11]} Kg8 {[%clk 0:00:06]} 34. Rc2
{[%clk 0:00:58]} Rd8 {[%clk 0:00:06]} 35. Be3 {[%clk 0:00:56]} Qh5
{[%clk 0:00:06]} 36. Qb3+ {[%clk 0:00:52]} Kh8 {[%clk 0:00:07]} 37. Qb6
{[%clk 0:00:49]} Re8 {[%clk 0:00:05]} 38. Qb7 {[%clk 0:00:47]} h6
{[%clk 0:00:05]} 39. Rc8 {[%clk 0:00:47]} Kh7 {[%clk 0:00:04]} 40. Rxe8
{[%clk 0:00:47]} Qxe8 {[%clk 0:00:05]} 41. Qb5 {[%clk 0:00:44]} Qa8
{[%clk 0:00:04]} 42. Qd5 {[%clk 0:00:42]} Qa1 {[%clk 0:00:04]} 43. Ne2
{[%clk 0:00:32]} Qb2 {[%clk 0:00:05]} 44. Qd2 {[%clk 0:00:33]} Qb3
{[%clk 0:00:06]} 45. Nd4 {[%clk 0:00:33]} Qa3 {[%clk 0:00:06]} 46. Nc2
{[%clk 0:00:33]} Qb3 {[%clk 0:00:07]} 47. Nd4 {[%clk 0:00:34]} Qa3
{[%clk 0:00:08]} 48. Bf4 {[%clk 0:00:34]} Nc4 {[%clk 0:00:07]} 49. Qc2
{[%clk 0:00:34]} Qc5 {[%clk 0:00:03]} 50. e5+ {[%clk 0:00:34]} Kg8
{[%clk 0:00:03]} 51. Qe4 {[%clk 0:00:28]} fxe5 {[%clk 0:00:04]} 52. Ne6 Qb5
{[%clk 0:00:03]} 53. Qg6 {[%clk 0:00:28]} Qb2+ {[%clk 0:00:04]} 54. Kh3
{[%clk 0:00:28]} exf4 {[%clk 0:00:05]} 55. Nxf4 {[%clk 0:00:26]} Ne5
{[%clk 0:00:04]} 56. Qe6+ {[%clk 0:00:26]} Kh7 {[%clk 0:00:03]} 57. Qf5+ Kg8 58.
Ne6 {[%clk 0:00:25]} Nf7 {[%clk 0:00:05]} 59. Qd5 {[%clk 0:00:24]} Qe2
{[%clk 0:00:05]} 60. Nf4 {[%clk 0:00:24]} Qf1+ {[%clk 0:00:04]} 61. Ng2
{[%clk 0:00:24]} Kf8 {[%clk 0:00:05]} 62. f4 {[%clk 0:00:25]} Qe2
{[%clk 0:00:05]} 63. Nh4 {[%clk 0:00:25]} Qf1+ {[%clk 0:00:06]} 64. Ng2
{[%clk 0:00:25]} Qe2 {[%clk 0:00:08]} 65. Nh4 {[%clk 0:00:26]} Qf1+
{[%clk 0:00:09]} 66. Kg4 {[%clk 0:00:25]} Qe2+ {[%clk 0:00:09]} 67. Nf3
{[%clk 0:00:25]} Kg8 {[%clk 0:00:06]} 68. h4 {[%clk 0:00:22]} g6 {[%clk 0:00:07]}
69. Kh3 {[%clk 0:00:19]} Qf1+ {[%clk 0:00:08]} 70. Kh2 {[%clk 0:00:20]} Qe2+
{[%clk 0:00:09]} 71. Kg1 {[%clk 0:00:20]} Kg7 {[%clk 0:00:07]} 72. Qd4+
{[%clk 0:00:20]} Kg8 {[%clk 0:00:08]} 73. Qd5 Kg7 74. Ne5 {[%clk 0:00:18]} Qe3+
{[%clk 0:00:09]} 75. Kg2 Qe2+ 76. Kh3 {[%clk 0:00:18]} Qf1+ {[%clk 0:00:09]} 77.
Qg2 {[%clk 0:00:19]} Qb5 {[%clk 0:00:04]} 78. Nxf7 {[%clk 0:00:17]} Kxf7
{[%clk 0:00:04]} 79. Qf2 {[%clk 0:00:15]} h5 {[%clk 0:00:04]} 80. Qa2+
{[%clk 0:00:15]} Kg7 {[%clk 0:00:05]} 81. Kg2 {[%clk 0:00:15]} Qc6+
{[%clk 0:00:05]} 82. Kf2 {[%clk 0:00:16]} Qc5+ {[%clk 0:00:06]} 83. Kf3
{[%clk 0:00:17]} Qc3+ {[%clk 0:00:07]} 84. Kf2 {[%clk 0:00:18]} Qd4+
{[%clk 0:00:08]} 85. Kg2 {[%clk 0:00:19]} Qe4+ {[%clk 0:00:09]} 86. Kh2
{[%clk 0:00:20]} Qf3 {[%clk 0:00:09]} 87. Qb2+ {[%clk 0:00:21]} Kh7
{[%clk 0:00:09]} 88. Qd2 {[%clk 0:00:21]} Kg7 {[%clk 0:00:09]} 89. Qd4+
{[%clk 0:00:20]} Kh7 {[%clk 0:00:09]} 90. Qd7+ {[%clk 0:00:19]} Kh6
{[%clk 0:00:09]} 91. Qd2 {[%clk 0:00:18]} Kh7 {[%clk 0:00:10]} 92. Qb2
{[%clk 0:00:18]} Kg8 {[%clk 0:00:07]} 93. Qb8+ {[%clk 0:00:17]} Kh7
{[%clk 0:00:08]} 94. Qa7+ {[%clk 0:00:17]} Kg8 {[%clk 0:00:07]} 95. Qg1
{[%clk 0:00:17]} Kh7 {[%clk 0:00:08]} 96. Qg2 {[%clk 0:00:18]} Qe3
{[%clk 0:00:08]} 97. Qc2 {[%clk 0:00:18]} Qf3 {[%clk 0:00:08]} 98. Qc7+
{[%clk 0:00:16]} Kg8 {[%clk 0:00:10]} 99. Qd8+ {[%clk 0:00:16]} Kh7
{[%clk 0:00:11]} 100. Qd2 {[%clk 0:00:16]} Kg7 {[%clk 0:00:10]} 101. Qd4+
{[%clk 0:00:17]} Kh7 {[%clk 0:00:12]} 102. Qd7+ {[%clk 0:00:17]} Kg8
{[%clk 0:00:12]} 103. Qd2 {[%clk 0:00:17]} 0-1

[Event "Team Championship Russia (Blitz, Men)"]
[Site "Sochi"]
[Date "2018.10.10"]
[Round "12.17"]
[White "Shkurkin, Andrey"]
[Black "Ponkratov, Pavel"]
[Result "0-1"]
[BlackElo "2647"]
[WhiteElo "2218"]
[LiveChessVersion "1.4.8"]

1. d4 {[%clk 0:03:02]} Nf6 {[%clk 0:03:03]} 2. c4 {[%clk 0:03:02]} e6
{[%clk 0:03:04]} 3. g3 {[%clk 0:03:02]} c5 {[%clk 0:03:05]} 4. d5
{[%clk 0:02:53]} exd5 {[%clk 0:03:05]} 5. cxd5 {[%clk 0:02:53]} d6
{[%clk 0:03:07]} 6. Nc3 {[%clk 0:02:54]} g6 {[%clk 0:03:08]} 7. Bg2
{[%clk 0:02:55]} Bg7 {[%clk 0:03:09]} 8. Nf3 {[%clk 0:02:55]} O-O
{[%clk 0:03:09]} 9. O-O {[%clk 0:02:56]} Re8 {[%clk 0:03:10]} 10. Bf4
{[%clk 0:02:56]} a6 {[%clk 0:03:11]} 11. a4 {[%clk 0:02:56]} Bf5 {[%clk 0:03:11]}
12. a5 {[%clk 0:02:39]} Ne4 {[%clk 0:02:58]} 13. Nxe4 {[%clk 0:02:36]} Bxe4
{[%clk 0:02:59]} 14. Qd2 {[%clk 0:02:30]} Qe7 {[%clk 0:02:51]} 15. Ra3
{[%clk 0:02:10]} Nd7 {[%clk 0:02:43]} 16. Re3 {[%clk 0:02:03]} Qf8
{[%clk 0:02:44]} 17. Qc1 {[%clk 0:01:33]} h6 {[%clk 0:02:37]} 18. h4
{[%clk 0:01:30]} Nf6 {[%clk 0:02:38]} 19. Rd1 {[%clk 0:01:10]} Nh5
{[%clk 0:02:38]} 20. Qc4 {[%clk 0:00:47]} f5 {[%clk 0:02:34]} 21. Nd2
{[%clk 0:00:37]} Nxf4 {[%clk 0:02:34]} 22. Nxe4 {[%clk 0:00:20]} Nxg2
{[%clk 0:02:34]} 23. Nc3 {[%clk 0:00:04]} Nxe3 {[%clk 0:02:34]} 24. fxe3
{[%clk 0:00:04]} Rxe3 {[%clk 0:02:35]} 25. Qf4 {[%clk 0:00:05]} Rae8
{[%clk 0:02:35]} 26. Rf1 {[%clk 0:00:05]} Qe7 {[%clk 0:02:32]} 27. g4
{[%clk 0:00:05]} Qxh4 {[%clk 0:02:32]} 0-1

[Event "Team Championship Russia (Blitz, Men)"]
[Site "Sochi"]
[Date "2018.10.10"]
[Round "12.18"]
[White "Lysyj, Igor"]
[Black "Ivlev, Aleksey"]
[Result "1-0"]
[BlackElo "2359"]
[WhiteElo "2575"]
[LiveChessVersion "1.4.8"]

1. d4 {[%clk 0:03:02]} d5 {[%clk 0:03:02]} 2. c4 {[%clk 0:03:02]} c6
{[%clk 0:03:04]} 3. Nf3 {[%clk 0:03:03]} Nf6 {[%clk 0:03:05]} 4. g3
{[%clk 0:03:04]} e6 {[%clk 0:03:04]} 5. Bg2 {[%clk 0:03:04]} Nbd7
{[%clk 0:03:04]} 6. O-O {[%clk 0:02:58]} Be7 {[%clk 0:03:03]} 7. Qc2
{[%clk 0:02:50]} O-O {[%clk 0:03:04]} 8. b3 {[%clk 0:02:48]} b6 {[%clk 0:02:55]}
9. Bb2 {[%clk 0:02:46]} Bb7 {[%clk 0:02:56]} 10. Nc3 {[%clk 0:02:46]} c5
{[%clk 0:02:55]} 11. cxd5 {[%clk 0:02:23]} exd5 {[%clk 0:02:56]} 12. Rac1
{[%clk 0:02:21]} Rc8 {[%clk 0:02:56]} 13. Rfd1 {[%clk 0:02:21]} a6
{[%clk 0:02:52]} 14. Qb1 {[%clk 0:02:22]} Qc7 {[%clk 0:02:51]} 15. e3
{[%clk 0:02:15]} Rfe8 {[%clk 0:02:48]} 16. dxc5 {[%clk 0:02:10]} bxc5
{[%clk 0:02:49]} 17. Nh4 {[%clk 0:02:11]} Nb6 {[%clk 0:02:28]} 18. Nf5
{[%clk 0:02:08]} Bf8 {[%clk 0:02:29]} 19. Ne2 {[%clk 0:02:07]} Nbd7
{[%clk 0:02:19]} 20. Nf4 {[%clk 0:02:03]} g6 {[%clk 0:01:33]} 21. Nxd5
{[%clk 0:02:02]} Bxd5 {[%clk 0:01:24]} 22. Bxd5 {[%clk 0:02:02]} gxf5
{[%clk 0:01:22]} 23. Qxf5 {[%clk 0:02:02]} Bg7 {[%clk 0:01:18]} 24. Bc4
{[%clk 0:01:48]} Qc6 25. Rd3 {[%clk 0:01:35]} Nb6 {[%clk 0:00:42]} 26. Bxa6
{[%clk 0:01:32]} Ra8 {[%clk 0:00:43]} 27. Rxc5 {[%clk 0:01:28]} Qe6
{[%clk 0:00:44]} 28. Bb5 {[%clk 0:01:16]} Red8 {[%clk 0:00:23]} 29. Rxd8+
{[%clk 0:01:07]} Rxd8 {[%clk 0:00:24]} 30. Qxe6 {[%clk 0:01:04]} fxe6
{[%clk 0:00:26]} 31. Rc6 {[%clk 0:00:59]} Nbd5 {[%clk 0:00:18]} 32. Rxe6
{[%clk 0:00:58]} Nc7 {[%clk 0:00:18]} 33. Re5 {[%clk 0:00:38]} Rd1+
{[%clk 0:00:14]} 34. Kg2 {[%clk 0:00:39]} Rd2 {[%clk 0:00:15]} 35. Bc4+
{[%clk 0:00:28]} Kh8 {[%clk 0:00:10]} 36. Rc5 {[%clk 0:00:17]} Rxb2
{[%clk 0:00:07]} 37. Rxc7 h5 38. a4 {[%clk 0:00:14]} Ng4 {[%clk 0:00:10]} 39.
Rc8+ {[%clk 0:00:15]} Kh7 {[%clk 0:00:10]} 40. Bd3+ {[%clk 0:00:15]} Kh6
{[%clk 0:00:12]} 41. Rc6+ {[%clk 0:00:16]} Bf6 {[%clk 0:00:11]} 42. Bc2
{[%clk 0:00:14]} Kg7 {[%clk 0:00:09]} 43. Rc7+ {[%clk 0:00:13]} Kf8
{[%clk 0:00:10]} 44. h3 {[%clk 0:00:12]} Ne5 {[%clk 0:00:11]} 45. f4
{[%clk 0:00:11]} Nf7 {[%clk 0:00:12]} 46. Kf3 {[%clk 0:00:11]} Bd8
{[%clk 0:00:12]} 47. Rc6 {[%clk 0:00:11]} Ke7 {[%clk 0:00:12]} 48. g4
{[%clk 0:00:08]} hxg4+ {[%clk 0:00:13]} 49. hxg4 {[%clk 0:00:09]} Kd7
{[%clk 0:00:14]} 50. Rc3 {[%clk 0:00:07]} Nd6 {[%clk 0:00:13]} 51. Bf5+
{[%clk 0:00:07]} Nxf5 {[%clk 0:00:11]} 52. gxf5 Ke7 53. e4 {[%clk 0:00:07]} Bb6
{[%clk 0:00:13]} 54. e5 {[%clk 0:00:07]} Rf2+ {[%clk 0:00:14]} 55. Ke4
{[%clk 0:00:08]} Re2+ {[%clk 0:00:16]} 56. Kd5 {[%clk 0:00:09]} Rd2+
{[%clk 0:00:17]} 57. Kc6 {[%clk 0:00:09]} Bd4 {[%clk 0:00:17]} 58. Rh3
{[%clk 0:00:09]} Rc2+ {[%clk 0:00:17]} 59. Kd5 {[%clk 0:00:09]} Ba1
{[%clk 0:00:15]} 60. Rh7+ {[%clk 0:00:10]} Kd8 {[%clk 0:00:17]} 61. f6
{[%clk 0:00:09]} Rf2 {[%clk 0:00:17]} 62. Rh8+ {[%clk 0:00:08]} Kc7
{[%clk 0:00:19]} 63. f7 {[%clk 0:00:08]} 1-0

[Event "Team Championship Russia (Blitz, Men)"]
[Site "Sochi"]
[Date "2018.10.10"]
[Round "12.19"]
[White "Chizhikov, Vladislav"]
[Black "Shcherbakov, Ruslan"]
[Result "1/2-1/2"]
[BlackElo "2501"]
[WhiteElo "2240"]
[LiveChessVersion "1.4.8"]

1. e4 {[%clk 0:03:03]} c5 {[%clk 0:03:03]} 2. Nf3 {[%clk 0:03:04]} Nc6
{[%clk 0:03:04]} 3. d4 {[%clk 0:03:05]} cxd4 {[%clk 0:03:04]} 4. Nxd4
{[%clk 0:03:05]} Qb6 {[%clk 0:03:02]} 5. Nb3 {[%clk 0:03:06]} Nf6
{[%clk 0:03:03]} 6. Nc3 {[%clk 0:03:06]} e6 {[%clk 0:03:03]} 7. Be3
{[%clk 0:03:06]} Qc7 {[%clk 0:03:04]} 8. a3 {[%clk 0:02:59]} a6 {[%clk 0:03:03]}
9. Be2 {[%clk 0:02:56]} b5 {[%clk 0:03:01]} 10. O-O {[%clk 0:02:54]} Bb7
{[%clk 0:03:02]} 11. f4 {[%clk 0:02:48]} d6 {[%clk 0:03:03]} 12. Bf3
{[%clk 0:02:48]} Be7 {[%clk 0:03:03]} 13. Kh1 {[%clk 0:02:44]} O-O
{[%clk 0:03:03]} 14. Qe1 {[%clk 0:02:40]} Rfe8 {[%clk 0:02:45]} 15. Qg3
{[%clk 0:02:37]} Nd7 {[%clk 0:02:39]} 16. Rad1 {[%clk 0:02:33]} Bf8
{[%clk 0:02:28]} 17. Bh5 {[%clk 0:02:28]} Nc5 {[%clk 0:02:10]} 18. f5
{[%clk 0:02:19]} g6 {[%clk 0:01:53]} 19. fxe6 {[%clk 0:02:14]} fxe6
{[%clk 0:01:53]} 20. Bg4 {[%clk 0:02:12]} Ne5 {[%clk 0:01:53]} 21. Nxc5
{[%clk 0:02:05]} dxc5 {[%clk 0:01:53]} 22. Qh3 {[%clk 0:01:33]} Nxg4
{[%clk 0:01:44]} 23. Qxg4 {[%clk 0:01:34]} Bg7 {[%clk 0:01:44]} 24. Ne2
{[%clk 0:01:27]} Qe5 {[%clk 0:01:22]} 25. Rd7 {[%clk 0:01:28]} Bc6
{[%clk 0:01:21]} 26. Rdf7 {[%clk 0:01:19]} Rf8 {[%clk 0:01:09]} 27. Rxf8+
{[%clk 0:01:19]} Rxf8 {[%clk 0:01:10]} 28. Rxf8+ {[%clk 0:01:20]} Kxf8
{[%clk 0:01:08]} 29. c3 {[%clk 0:01:19]} Qxe4 {[%clk 0:01:02]} 30. Bxc5+ Kg8 31.
Qxe4 {[%clk 0:01:19]} Bxe4 {[%clk 0:01:05]} 32. Nd4 {[%clk 0:01:14]} Kf7
{[%clk 0:01:03]} 33. Kg1 {[%clk 0:01:15]} e5 {[%clk 0:01:03]} 34. Nb3
{[%clk 0:01:15]} Bd5 {[%clk 0:01:01]} 35. Nd2 {[%clk 0:01:16]} Bh6
{[%clk 0:01:02]} 36. Nf1 {[%clk 0:01:15]} Bc1 {[%clk 0:01:01]} 37. Ne3
{[%clk 0:01:13]} Be6 {[%clk 0:00:59]} 38. Nd1 {[%clk 0:01:14]} Bb3
{[%clk 0:00:59]} 39. Be3 {[%clk 0:01:14]} Bxe3+ {[%clk 0:00:50]} 40. Nxe3
{[%clk 0:01:15]} Ke6 {[%clk 0:00:51]} 41. Kf2 {[%clk 0:01:12]} g5
{[%clk 0:00:52]} 42. g4 {[%clk 0:01:11]} e4 {[%clk 0:00:49]} 43. Nf5
{[%clk 0:01:12]} Ke5 {[%clk 0:00:50]} 44. Ke3 {[%clk 0:01:12]} Bd1
{[%clk 0:00:45]} 45. h3 {[%clk 0:01:13]} h5 {[%clk 0:00:42]} 46. Ng3
{[%clk 0:01:13]} hxg4 {[%clk 0:00:42]} 47. hxg4 {[%clk 0:01:13]} Bxg4
{[%clk 0:00:42]} 48. Nxe4 {[%clk 0:01:14]} Kf5 {[%clk 0:00:32]} 49. Kd4
{[%clk 0:01:15]} Bf3 {[%clk 0:00:30]} 50. Nxg5 {[%clk 0:01:15]} Kxg5
{[%clk 0:00:29]} 51. Kc5 {[%clk 0:01:16]} Be2 {[%clk 0:00:25]} 52. Kb6
{[%clk 0:01:04]} Kf5 {[%clk 0:00:25]} 53. Kxa6 {[%clk 0:01:04]} Ke5
{[%clk 0:00:20]} 54. Ka5 {[%clk 0:01:02]} Kd5 {[%clk 0:00:20]} 55. b3
{[%clk 0:01:00]} Bd1 {[%clk 0:00:15]} 56. Kb4 {[%clk 0:01:00]} Kc6
{[%clk 0:00:15]} 57. c4 {[%clk 0:01:01]} bxc4 {[%clk 0:00:16]} 1/2-1/2

[Event "Team Championship Russia (Blitz, Men)"]
[Site "Sochi"]
[Date "2018.10.10"]
[Round "12.20"]
[White "Gutenev, Alexander"]
[Black "Uzhva, Andrey"]
[Result "1-0"]
[BlackElo "2046"]
[WhiteElo "2440"]
[LiveChessVersion "1.4.8"]

1. e4 {[%clk 0:03:03]} c5 {[%clk 0:03:04]} 2. Nf3 {[%clk 0:03:04]} d6
{[%clk 0:03:04]} 3. d4 {[%clk 0:03:06]} cxd4 4. Nxd4 {[%clk 0:03:07]} Nf6
{[%clk 0:03:06]} 5. Nc3 {[%clk 0:03:08]} g6 {[%clk 0:03:07]} 6. Be3
{[%clk 0:03:10]} Bg7 {[%clk 0:03:08]} 7. f3 {[%clk 0:03:11]} Nc6 8. Qd2 O-O
{[%clk 0:03:09]} 9. O-O-O {[%clk 0:03:14]} Nxd4 {[%clk 0:03:10]} 10. Bxd4
{[%clk 0:03:15]} Qa5 {[%clk 0:03:11]} 11. Kb1 {[%clk 0:03:14]} Rd8
{[%clk 0:03:12]} 12. g4 {[%clk 0:03:15]} Be6 {[%clk 0:03:13]} 13. a3
{[%clk 0:03:11]} Rac8 {[%clk 0:03:12]} 14. h4 {[%clk 0:03:13]} h5
{[%clk 0:03:14]} 15. g5 {[%clk 0:03:14]} Nd7 {[%clk 0:03:03]} 16. Bxg7
{[%clk 0:03:09]} Kxg7 {[%clk 0:03:04]} 17. f4 {[%clk 0:03:09]} Bg4
{[%clk 0:02:54]} 18. Re1 {[%clk 0:02:52]} Nb6 {[%clk 0:02:20]} 19. Kc1
{[%clk 0:01:45]} d5 {[%clk 0:01:50]} 20. Qd4+ {[%clk 0:01:46]} Kg8
{[%clk 0:01:51]} 21. Qe5 {[%clk 0:01:47]} Rxc3 {[%clk 0:01:36]} 22. Qxc3
{[%clk 0:01:42]} Qxc3 {[%clk 0:01:37]} 23. bxc3 {[%clk 0:01:43]} dxe4
{[%clk 0:01:38]} 24. Bg2 {[%clk 0:01:40]} Nd5 {[%clk 0:01:30]} 25. Bxe4
{[%clk 0:01:36]} Nxc3 {[%clk 0:01:27]} 26. Bd3 {[%clk 0:01:31]} e6
{[%clk 0:01:21]} 27. Rhf1 {[%clk 0:01:23]} Rd4 {[%clk 0:01:18]} 28. Kb2
{[%clk 0:01:17]} Na4+ {[%clk 0:01:14]} 29. Kb3 {[%clk 0:01:13]} Kf8
{[%clk 0:01:01]} 30. Re5 {[%clk 0:01:14]} b6 {[%clk 0:00:58]} 31. Bb5
{[%clk 0:01:00]} Nc5+ {[%clk 0:00:57]} 32. Kc3 {[%clk 0:01:01]} Rd6
{[%clk 0:00:47]} 33. Rfe1 {[%clk 0:00:57]} Ke7 {[%clk 0:00:47]} 34. Bd3
{[%clk 0:00:53]} Rc6 {[%clk 0:00:44]} 35. Kd2 {[%clk 0:00:54]} Rd6
{[%clk 0:00:42]} 36. Ke3 {[%clk 0:00:49]} Kd7 {[%clk 0:00:38]} 37. a4
{[%clk 0:00:47]} a5 {[%clk 0:00:38]} 38. Rb1 {[%clk 0:00:45]} Kc7
{[%clk 0:00:39]} 39. Ra1 {[%clk 0:00:35]} Bh3 {[%clk 0:00:31]} 40. Ra3
{[%clk 0:00:36]} Bg4 {[%clk 0:00:31]} 41. Rc3 {[%clk 0:00:34]} Kb7
{[%clk 0:00:31]} 42. Rc4 {[%clk 0:00:35]} Nxd3 {[%clk 0:00:27]} 43. cxd3
{[%clk 0:00:35]} Bd1 {[%clk 0:00:28]} 44. Rb5 {[%clk 0:00:32]} Rc6
{[%clk 0:00:26]} 45. Rb1 {[%clk 0:00:24]} Rxc4 {[%clk 0:00:25]} 46. dxc4
{[%clk 0:00:25]} Bxa4 {[%clk 0:00:26]} 47. Kd4 {[%clk 0:00:27]} Bc2
{[%clk 0:00:23]} 48. Rb2 {[%clk 0:00:26]} Ba4 {[%clk 0:00:20]} 49. Ke5
{[%clk 0:00:23]} Kc6 {[%clk 0:00:18]} 50. Kf6 {[%clk 0:00:25]} b5
{[%clk 0:00:14]} 51. cxb5+ {[%clk 0:00:25]} Bxb5 {[%clk 0:00:15]} 52. Kxf7
{[%clk 0:00:26]} Bd3 {[%clk 0:00:17]} 53. Kxe6 {[%clk 0:00:23]} Kc5 1-0

[Event "Team Championship Russia (Blitz, Men)"]
[Site "Sochi"]
[Date "2018.10.10"]
[Round "12.21"]
[White "Klimentov, Evgeny"]
[Black "Artemiev, Vladislav"]
[Result "0-1"]
[BlackElo "2849"]
[WhiteElo "2186"]
[LiveChessVersion "1.4.8"]

1. e4 {[%clk 0:03:03]} c6 {[%clk 0:03:03]} 2. c4 {[%clk 0:03:03]} d5
{[%clk 0:03:02]} 3. exd5 {[%clk 0:03:04]} cxd5 {[%clk 0:03:03]} 4. cxd5
{[%clk 0:03:05]} Nf6 {[%clk 0:03:05]} 5. Nc3 {[%clk 0:03:06]} Nxd5
{[%clk 0:03:05]} 6. Nf3 {[%clk 0:03:07]} Nc6 {[%clk 0:03:06]} 7. Bb5
{[%clk 0:03:06]} g6 {[%clk 0:03:07]} 8. Qa4 {[%clk 0:02:59]} Nb6 {[%clk 0:03:07]}
9. Bxc6+ {[%clk 0:02:59]} bxc6 {[%clk 0:03:07]} 10. Qxc6+ {[%clk 0:03:00]} Bd7
{[%clk 0:03:09]} 11. Qe4 {[%clk 0:02:59]} Bg7 {[%clk 0:03:10]} 12. O-O
{[%clk 0:02:58]} Bf5 {[%clk 0:03:10]} 13. Qc6+ {[%clk 0:02:51]} Qd7
{[%clk 0:03:11]} 14. Qxd7+ {[%clk 0:02:48]} Kxd7 {[%clk 0:03:12]} 15. d4
{[%clk 0:02:44]} Rhc8 {[%clk 0:03:14]} 16. Bf4 {[%clk 0:02:16]} Be6
{[%clk 0:03:00]} 17. Rfe1 {[%clk 0:02:02]} Nd5 {[%clk 0:02:55]} 18. Nxd5
{[%clk 0:01:34]} Bxd5 {[%clk 0:02:56]} 19. Rac1 {[%clk 0:01:00]} f6
{[%clk 0:02:45]} 20. a3 {[%clk 0:00:51]} Bf8 {[%clk 0:02:39]} 21. Nd2
{[%clk 0:00:32]} g5 {[%clk 0:02:33]} 22. Bg3 {[%clk 0:00:30]} e6 {[%clk 0:02:30]}
23. f3 {[%clk 0:00:23]} f5 {[%clk 0:02:18]} 24. Be5 {[%clk 0:00:19]} a5
{[%clk 0:01:58]} 25. Kf2 {[%clk 0:00:13]} Ra7 {[%clk 0:01:59]} 26. g4
{[%clk 0:00:11]} Rb7 {[%clk 0:01:59]} 27. Rxc8 {[%clk 0:00:10]} Kxc8
{[%clk 0:01:59]} 28. Rc1+ {[%clk 0:00:11]} Kd7 {[%clk 0:02:01]} 29. Rc2
{[%clk 0:00:13]} a4 {[%clk 0:01:43]} 30. Ke3 {[%clk 0:00:10]} Be7
{[%clk 0:01:42]} 31. Kd3 {[%clk 0:00:09]} Bd8 {[%clk 0:01:41]} 32. Ke3
{[%clk 0:00:08]} Ba5 {[%clk 0:01:41]} 33. Nc4 {[%clk 0:00:07]} Rb3+
{[%clk 0:01:40]} 34. Ke2 {[%clk 0:00:04]} Bxf3+ 35. Kf2 Bd8 {[%clk 0:00:39]} 36.
Nd2 {[%clk 0:00:06]} Be4 {[%clk 0:00:41]} 37. Nxb3 {[%clk 0:00:05]} Bxc2
{[%clk 0:00:41]} 38. Nc5+ {[%clk 0:00:06]} Ke7 {[%clk 0:00:43]} 39. gxf5
{[%clk 0:00:06]} exf5 {[%clk 0:00:42]} 40. Ke3 {[%clk 0:00:06]} f4+
{[%clk 0:00:27]} 41. Kf3 {[%clk 0:00:06]} Bd1+ {[%clk 0:00:23]} 42. Ke4
{[%clk 0:00:07]} Bc2+ {[%clk 0:00:19]} 43. Kf3 {[%clk 0:00:07]} Kf7
{[%clk 0:00:19]} 44. Ne4 Bd1+ {[%clk 0:00:15]} 45. Kf2 {[%clk 0:00:04]} Ke6
{[%clk 0:00:16]} 46. Nc3 {[%clk 0:00:04]} Bc2 {[%clk 0:00:12]} 47. h4
{[%clk 0:00:06]} h6 {[%clk 0:00:12]} 48. hxg5 hxg5 {[%clk 0:00:13]} 49. Bb8
{[%clk 0:00:08]} Bb6 {[%clk 0:00:13]} 50. Be5 {[%clk 0:00:08]} Kf5
{[%clk 0:00:12]} 51. Kg2 {[%clk 0:00:08]} g4 {[%clk 0:00:12]} 52. Bg7
{[%clk 0:00:09]} Bb3 {[%clk 0:00:08]} 53. d5 {[%clk 0:00:10]} Bc5
{[%clk 0:00:07]} 54. Bh6 {[%clk 0:00:08]} f3+ {[%clk 0:00:08]} 55. Kg3
{[%clk 0:00:09]} f2 {[%clk 0:00:09]} 56. Kg2 {[%clk 0:00:10]} Bc4
{[%clk 0:00:11]} 0-1

[Event "Team Championship Russia (Blitz, Men)"]
[Site "Sochi"]
[Date "2018.10.10"]
[Round "12.23"]
[White "Popov, Maksim"]
[Black "Timofeev, Artyom"]
[Result "0-1"]
[BlackElo "2610"]
[WhiteElo "1570"]
[LiveChessVersion "1.4.8"]

1. e4 {[%clk 0:03:02]} c5 {[%clk 0:03:03]} 2. c3 {[%clk 0:03:03]} d6
{[%clk 0:03:01]} 3. d4 {[%clk 0:02:58]} Qc7 {[%clk 0:03:02]} 4. Nf3
{[%clk 0:02:59]} g6 {[%clk 0:03:03]} 5. Be3 {[%clk 0:02:57]} Bg7 {[%clk 0:03:04]}
6. Bb5+ {[%clk 0:02:57]} Nd7 {[%clk 0:03:04]} 7. O-O {[%clk 0:02:57]} a6
{[%clk 0:03:05]} 8. Ba4 {[%clk 0:02:53]} b5 {[%clk 0:03:06]} 9. Bc2
{[%clk 0:02:54]} Bb7 {[%clk 0:03:05]} 10. Re1 {[%clk 0:02:43]} Ngf6
{[%clk 0:03:03]} 11. Bc1 {[%clk 0:02:35]} O-O {[%clk 0:02:43]} 12. Nbd2
{[%clk 0:02:36]} cxd4 {[%clk 0:02:31]} 13. cxd4 {[%clk 0:02:36]} Rac8
{[%clk 0:02:32]} 14. Bd3 {[%clk 0:02:22]} Nb6 {[%clk 0:02:33]} 15. Nf1
{[%clk 0:02:18]} d5 {[%clk 0:02:31]} 16. e5 {[%clk 0:02:17]} Ne4 {[%clk 0:02:32]}
17. N1d2 {[%clk 0:02:07]} f5 {[%clk 0:02:25]} 18. exf6 {[%clk 0:02:02]} Nxf6
{[%clk 0:02:26]} 19. Nb3 {[%clk 0:01:59]} Ne4 {[%clk 0:02:22]} 20. Be3
{[%clk 0:01:53]} Nc4 {[%clk 0:02:23]} 21. Bxc4 {[%clk 0:01:40]} dxc4
{[%clk 0:02:21]} 22. Nbd2 {[%clk 0:01:38]} Nxd2 {[%clk 0:02:16]} 23. Nxd2
{[%clk 0:01:39]} e5 {[%clk 0:02:17]} 24. Qg4 {[%clk 0:00:53]} Rce8
{[%clk 0:01:53]} 25. Nf1 {[%clk 0:00:24]} Qc6 {[%clk 0:01:27]} 26. dxe5
{[%clk 0:00:19]} Rxe5 {[%clk 0:01:27]} 27. Re2 {[%clk 0:00:15]} Re4
{[%clk 0:01:14]} 28. Qg3 {[%clk 0:00:14]} Be5 {[%clk 0:01:11]} 29. Qg5
{[%clk 0:00:14]} Bf6 {[%clk 0:00:44]} 30. Qg3 {[%clk 0:00:14]} Bh4
{[%clk 0:00:43]} 31. Qh3 {[%clk 0:00:08]} Bc8 {[%clk 0:00:44]} 32. g4
{[%clk 0:00:00]} Rxg4+ {[%clk 0:00:44]} 33. Ng3 {[%clk 0:00:00]} Rxg3+
{[%clk 0:00:44]} 0-1